[Event "FICGS rapid A 000004 email"]
[Site "FICGS email"]
[Date "2006.11.01"]
[Round "1"]
[White "Boblin, Laurent"]
[Black "Haluschka, Rainer"]
[Result "1-0"]
[WhiteElo "1890"]
[BlackElo "1833"]
[PlyCount "75"]
[EventDate "2006.??.??"]
[EventType "tourn (rapid)"]
[EventRounds "6"]
[SourceTitle "Corr 2022"]
[Source "ChessBase"]
[SourceDate "2021.10.24"]
[SourceVersion "1"]
[SourceVersionDate "2021.10.24"]
[SourceQuality "1"]

1. e4 c5 2. c3 Nc6 3. Nf3 Nf6 4. e5 Nd5 5. d4 cxd4 6. Bc4 Nb6 7. Bb3 g6 8. Ng5 Bg7 9. Bxf7+ Kf8 10. cxd4 d6 11. Bb3 dxe5 12. Qf3+ Bf6 13. Nf7 Qc7 14. Nxh8 Nxd4 15. Qc3 Qxc3+ 16. bxc3 Nxb3 17. axb3 a5 18. Nxg6+ hxg6 19. c4 a4 20. Be3 axb3 21. Rxa8 Nxa8 22. Kd2 e4 23. Nc3 Be6 24. Nxe4 Bxc4 25. Nxf6 exf6 26. Rc1 Be6 27. Rc5 Nb6 28. Bd4 f5 29. Rb5 Nd7 30. Rxb7 g5 31. f4 g4 32. h4 gxh3 33. gxh3 Ke7 34. h4 Bf7 35. Rb5 Nf6 36. Bxf6+ Kxf6 37. Rb6+ Kg7 38. Kc3 1-0

[Event "FICGS rapid A 000004 email"]
[Site "FICGS email"]
[Date "2006.11.01"]
[Round "1"]
[White "Godat, Terry"]
[Black "Boblin, Laurent"]
[Result "1/2-1/2"]
[WhiteElo "2134"]
[BlackElo "1890"]
[PlyCount "126"]
[EventDate "2006.??.??"]
[EventType "tourn (rapid)"]
[EventRounds "6"]
[SourceTitle "Corr 2022"]
[Source "ChessBase"]
[SourceDate "2021.10.24"]
[SourceVersion "1"]
[SourceVersionDate "2021.10.24"]
[SourceQuality "1"]

1. e4 c6 2. d4 d5 3. Nc3 dxe4 4. Nxe4 Nd7 5. Nf3 Ngf6 6. Ng3 c5 7. dxc5 e6 8. c6 bxc6 9. Be2 Qc7 10. 0-0 Bc5 11. b3 0-0 12. Bb2 Rd8 13. Bd3 Be7 14. Qe2 Nc5 15. Bc4 Nd5 16. Rad1 f6 17. Rfe1 e5 18. Nxe5 fxe5 19. Bxe5 Qb7 20. Bxd5+ Rxd5 21. Rxd5 cxd5 22. Bxg7 Kxg7 23. Qxe7+ Qxe7 24. Rxe7+ Kg6 25. h4 a5 26. h5+ Kh6 27. f3 Bd7 28. Re5 Be6 29. Ne2 Kg7 30. Nd4 Kf6 31. f4 Rd8 32. Kf2 Bg4 33. Nc6 Rd6 34. Nxa5 Nd7 35. Re1 Bxh5 36. b4 Bg6 37. c3 Kf5 38. g3 Nf6 39. Kf3 Bh5+ 40. Kg2 Re6 41. Rxe6 Kxe6 42. c4 Bg4 43. Kf2 Ne4+ 44. Ke1 Kd6 45. cxd5 Kxd5 46. b5 Kc5 47. a4 Be6 48. Nb7+ Kb6 49. Nd8 Bd7 50. Nf7 Nxg3 51. Nh6 Ne4 52. Ke2 Nd6 53. Ke3 Kc5 54. Kf3 Kd5 55. Ng4 Ke6 56. Ne5 Be8 57. Kg4 Kf6 58. Nd3 Nb7 59. Nb4 Bf7 60. Nc6 Nd6 61. b6 Bd5 62. Nd4 Nc4 63. Kh5 Be4 1/2-1/2

[Event "FICGS rapid B 000008 email"]
[Site "FICGS email"]
[Date "2006.06.24"]
[Round "1"]
[White "Boblin, Laurent"]
[Black "Vasquez, Fernando Jose Pinto"]
[Result "1-0"]
[WhiteElo "1762"]
[BlackElo "1400"]
[PlyCount "65"]
[EventDate "2006.??.??"]
[EventType "tourn (rapid)"]
[EventRounds "6"]
[SourceTitle "Corr 2022"]
[Source "ChessBase"]
[SourceDate "2021.10.24"]
[SourceVersion "1"]
[SourceVersionDate "2021.10.24"]
[SourceQuality "1"]

1. e4 e5 2. Nf3 d6 3. d4 exd4 4. Nxd4 Nf6 5. Nc3 Be7 6. Be2 0-0 7. 0-0 Nc6 8. Be3 Re8 9. f4 Bd7 10. Bf3 Nxd4 11. Bxd4 c5 12. Bf2 Be6 13. Qe2 Qb6 14. Rab1 Qc7 15. g4 h6 16. h4 h5 17. gxh5 Bf8 18. h6 gxh6 19. Kh2 Bg7 20. Rg1 Kh8 21. h5 Rg8 22. Rbd1 Bf8 23. Bh4 Ng4+ 24. Bxg4 Bxg4 25. Rxg4 Rxg4 26. Qxg4 Bg7 27. Rg1 Bd4 28. Bf2 f6 29. Bxd4 Qf7 30. Nd5 cxd4 31. Qf5 Rf8 32. Rg6 Qh7 33. Nxf6 1-0

[Event "FICGS rapid B 000002 email"]
[Site "FICGS email"]
[Date "2006.04.19"]
[Round "1"]
[White "Hrubaru, Mircea"]
[Black "Boblin, Laurent"]
[Result "0-1"]
[WhiteElo "1400"]
[BlackElo "1700"]
[PlyCount "40"]
[EventDate "2006.??.??"]
[EventType "tourn (rapid)"]
[EventRounds "6"]
[SourceTitle "Corr 2022"]
[Source "ChessBase"]
[SourceDate "2021.10.24"]
[SourceVersion "1"]
[SourceVersionDate "2021.10.24"]
[SourceQuality "1"]

1. e4 c6 2. d4 d5 3. exd5 cxd5 4. c4 Nf6 5. Bg5 Ne4 6. Be3 e5 7. dxe5 Bb4+ 8. Ke2 Be6 9. f3 d4 10. fxe4 Bxc4+ 11. Kf3 Bxf1 12. Qxd4 Qa5 13. Qd1 Ba6 14. Qd5 Qc7 15. Kf2 Bc4 16. Qd4 b5 17. b3 Nc6 18. Qd1 Rd8 19. Qc2 Nxe5 20. bxc4 Bc5 0-1

[Event "Loire-ch Top20 0405"]
[Site "Loire"]
[Date "2004.11.27"]
[Round "3"]
[White "Barnes, Pierrick"]
[Black "Boblin, Laurent"]
[Result "0-1"]
[WhiteElo "1830"]
[BlackElo "2040"]
[PlyCount "96"]
[EventDate "2004.09.25"]
[EventType "swiss"]
[EventRounds "9"]
[EventCountry "FRA"]
[SourceTitle "EXT 2008"]
[Source "ChessBase"]
[SourceDate "2007.11.25"]
[SourceVersion "1"]
[SourceVersionDate "2007.11.25"]
[SourceQuality "1"]

1. d4 d5 2. Bf4 Nf6 3. Nf3 c6 4. e3 Bg4 5. h3 Bh5 6. Nbd2 e6 7. a3 Qb6 8. Rb1 c5 9. Be2 Nc6 10. dxc5 Bxc5 11. b4 Be7 12. 0-0 Bg6 13. b5 Na5 14. a4 Ne4 15. Nxe4 Bxe4 16. Bd3 Bxd3 17. cxd3 0-0 18. Qd2 Rfc8 19. Rfc1 Qd8 20. Qb2 b6 21. Nd2 Qf8 22. Qe5 Ba3 23. Rc7 Rxc7 24. Qxc7 Qc8 25. Nb3 Qxc7 26. Bxc7 Nb7 27. Ra1 Bd6 28. Bxd6 Nxd6 29. Rc1 Rc8 30. Rc6 Rxc6 31. bxc6 Kf8 32. f4 Ke7 33. Nd4 Kd8 34. g4 Kc7 35. f5 e5 36. Nf3 f6 37. d4 e4 38. Ne1 Kxc6 39. Kf2 a5 40. h4 h6 41. Ng2 b5 42. axb5+ Kxb5 43. Ke1 Nc4 44. Kd1 a4 45. Kc2 Kb4 46. h5 a3 47. Kb1 Kb3 48. Ka1 a2 0-1

[Event "Loire-ch Top20 0304"]
[Site "Loire"]
[Date "2004.04.10"]
[Round "7"]
[White "Boblin, Laurent"]
[Black "Deville, Olivier"]
[Result "1-0"]
[WhiteElo "1990"]
[BlackElo "2040"]
[PlyCount "35"]
[EventDate "2003.09.27"]
[EventType "swiss"]
[EventRounds "9"]
[EventCountry "FRA"]
[SourceTitle "EXT 2008"]
[Source "ChessBase"]
[SourceDate "2007.11.25"]
[SourceVersion "1"]
[SourceVersionDate "2007.11.25"]
[SourceQuality "1"]

1. e4 c5 2. c3 d5 3. exd5 Qxd5 4. d4 Nf6 5. Nf3 e6 6. Na3 cxd4 7. Nb5 Qd8 8. Nbxd4 Be7 9. Bd3 0-0 10. 0-0 b6 11. Bg5 Bb7 12. Qe2 a6 13. Rfe1 Kh8 14. Rad1 Nd5 15. Qe4 g6 16. Qh4 Bxg5 17. Nxg5 h5 18. Nxf7+ 1-0

[Event "Loire-ch Top20 0304"]
[Site "Loire"]
[Date "2003.11.29"]
[Round "3"]
[White "Testard, Philippe"]
[Black "Boblin, Laurent"]
[Result "0-1"]
[WhiteElo "2020"]
[BlackElo "1990"]
[PlyCount "36"]
[EventDate "2003.09.27"]
[EventType "swiss"]
[EventRounds "9"]
[EventCountry "FRA"]
[SourceTitle "EXT 2008"]
[Source "ChessBase"]
[SourceDate "2007.11.25"]
[SourceVersion "1"]
[SourceVersionDate "2007.11.25"]
[SourceQuality "1"]

1. e4 c6 2. d4 d5 3. exd5 cxd5 4. c4 Nf6 5. Nc3 e6 6. Nf3 Bb4 7. Bd3 dxc4 8. Bxc4 0-0 9. 0-0 Qc7 10. Qe2 Bxc3 11. bxc3 b6 12. Bg5 Nbd7 13. Rac1 Bb7 14. Bd3 Nd5 15. Qd2 Rac8 16. c4 N5f6 17. Qe2 Ng4 18. Bh4 Bxf3 0-1